000 00434cam a22001097a 4500
008 180718b1963 xxu||||| |||| 00| 0 eng d
082 _aI548x54 In2
245 _aReport of the mass communication study team sponsored by the ford foundation
_cby Ministry of Information and Broadcasting
260 _aNew Delhi
_bMinistry of Information and Broadcasting
_c1963
300 _a34+p
700 _aIndia. Ministry of Information and Broadcasting
999 _c491608
_d491608